| 000 | 005490000a22001810004500 | ||
|---|---|---|---|
| 003 | MACL | ||
| 005 | 20160401134325.0 | ||
| 008 | 160401b xxu||||| |||| 00| 0 eng d | ||
| 040 |
_aMACL _cMACL |
||
| 041 | _aHindi | ||
| 082 | _a370 | ||
| 100 |
_aराजेन्द्र मिश्र _947733 |
||
| 245 | _aभारत के शिक्षाशास्त्री | ||
| 260 |
_aदिल्ली _bपूनम पुस्तक भवन _c2009 |
||
| 350 | _a275 | ||
| 650 |
_aEducation _949617 |
||
| 942 |
_cHIN _k370 _2ddc |
||
| 999 |
_c47372 _d47372 |
||